00621nas a2200193 4500001001000000003000400010005001700014008004100031040003000072043000900102245002700111260011000138300002400248310001200272362003500284650007600319942001500395999001700410000037019DLC20250512105913.0120208c20029999dr mr1p dd 0 0spa d aDO-SdBNPbspacBNPHUerda anwdr00aBoletín informativo. aCotuí, Juan Sánchez Ramírez , República Dominicana :bInstituto Tecnológico del Cibao Oriental. av. :bil. ;c28 cm. aMensual ano. 16. año 16. (junio 2002) 0aEducación vPublicaciones periódicaszRepública Dominicana963423 2ddccISSUE c36509d36509